000 00791nam a2200253 i 4500
001 176020
003 ES-MaACL
005 20250830062807.0
007 t|
008 101210s1965 sp ||||1| spa d
080 _a2-423.55
100 1 _aJournet, Charles.
_967031
245 1 3 _aEl mal
_b: (estudio teológico) /
_cCharles Journet ; traducción y prólogo de Raúl Gabás.
260 _aMadrid :
_bRialp,
_c1965.
300 _aXXVII, 284 p. ;
_c23 cm.
490 1 _aBiblioteca de Teología ;
_v3
500 _aÍndice.
594 _aTít. original: Le mal. Essai Théologique.
650 1 4 _aMal.
_914740
700 1 _aGabás Pallás, Raúl.
_953124
830 0 0 _aBiblioteca de teología
_v3
_9183765
852 _aES-MaACL
_jE-13752
_xOlim P-316-bis
999 _c176020
_d176020